Missing Word: Universal Studios Quiz Stats

 Plays Quiz Updated Jun 7, 2017

Support Sporcle.
Go Orange.
Score 0/20 Timer 04:00
0 Plays Today
Movie Missing Word % Correct
_____ the BarbarianConan
91%
_____ GilmoreHappy
89.7%
_____ and ConfusedDazed
89%
Field of _____Dreams
88.3%
_____ Green TomatoesFried
87.8%
Bruce _____Almighty
87.6%
Straight Outta _____Compton
84%
The _____ HunterDeer
81.2%
I Now Pronounce You _____ and LarryChuck
73%
Erin _____Brockovich
71.8%
Movie Missing Word % Correct
_____ Do-RightDudley
71.4%
_____ the DuckHoward
69.4%
Dumb and Dumber _____To
61.1%
The Last _____ of ChristTemptation
58%
_____ EnemiesPublic
54.7%
The Chronicles of _____Riddick
51.2%
Jaws: The _____Revenge
42.6%
Johnny English _____Reborn
20.9%
The Black _____Dahlia
18.8%
The Man with the Iron _____Fists
18.4%

Today's Daily Dose

Missing Word
AMC Shows

Word Ladder
Makeup

Get the Picture
Guitarists

You're not logged in!

Compare scores with friends on all Sporcle quizzes.
OR
Log In
Forgot?

From the Vault

LOTR vs Harry Potter

by QuizMaster20

Imitation is the highest form of flattery...right?
Remove Ads.
Support Sporcle.
Get the best of Sporcle when you Go Orange. This ad-free experience offers more features, more stats, and more fun while also helping to support Sporcle. Thank you for becoming a member.

Show Comments

Extras

Top Quizzes Today


Score Distribution

Your Account Isn't Verified!

In order to create a playlist on Sporcle, you need to verify the email address you used during registration. Go to your Sporcle Settings to finish the process.

Report this User

Report this user for behavior that violates our Community Guidelines.

Details: